Teoría macroeconómica / (Registro nro. 8466)
[ vista simple ]
| 000 -LEADER | |
|---|---|
| fixed length control field | 01058nam a2200289Ia 4500 |
| 003 - CONTROL NUMBER IDENTIFIER | |
| control field | OSt |
| 005 - DATE AND TIME OF LATEST TRANSACTION | |
| control field | 20210902165051.0 |
| 008 - FIXED-LENGTH DATA ELEMENTS--GENERAL INFORMATION | |
| fixed length control field | 210310s1988 sp ad fr 001 0dspa d |
| 020 ## - INTERNATIONAL STANDARD BOOK NUMBER | |
| International Standard Book Number | 848585506X |
| 040 ## - CATALOGING SOURCE | |
| Original cataloging agency | CO-JMCR |
| Transcribing agency | CO-JMCR |
| 041 1# - LANGUAGE CODE | |
| Language code of text/sound track or separate title | spa |
| Language code of original | eng |
| 082 04 - DEWEY DECIMAL CLASSIFICATION NUMBER | |
| Classification number | 339 / |
| Item number | S245t |
| Edition number | 23 |
| 100 1# - MAIN ENTRY--PERSONAL NAME | |
| Personal name | Sargent, Thomas J., |
| 9 (RLIN) | 17355 |
| Relator term | autor |
| 245 10 - TITLE STATEMENT | |
| Title | Teoría macroeconómica / |
| Statement of responsibility, etc. | Thomas J. Sargent ; traducción de Carlos Cuervo Arango, Teodoro Millán |
| 250 ## - EDITION STATEMENT | |
| Edition statement | Segunda edición |
| 260 ## - PUBLICATION, DISTRIBUTION, ETC. | |
| Place of publication, distribution, etc. | Barcelona : |
| Name of publisher, distributor, etc. | Antoni Bosch, |
| Date of publication, distribution, etc. | 1988 |
| 300 ## - PHYSICAL DESCRIPTION | |
| Extent | 171 páginas : |
| Other physical details | ilustraciones y gráficas a blanco y negro ; |
| Dimensions | 22 cm. |
| 490 0# - SERIES STATEMENT | |
| Series statement | Economía ; |
| Volume/sequential designation | 9 |
| 500 ## - GENERAL NOTE | |
| General note | Incluye índice de materias y datos biográficos del autor. |
| 504 ## - BIBLIOGRAPHY, ETC. NOTE | |
| Bibliography, etc. note | Referencias al final de cada capítulo. |
| 505 1# - FORMATTED CONTENTS NOTE | |
| Miscellaneous information | V.1. |
| Title | macroeconomía No Estocástica |
| 650 14 - SUBJECT ADDED ENTRY--TOPICAL TERM | |
| Topical term or geographic name entry element | Macroeconomía |
| 9 (RLIN) | 17357 |
| 650 24 - SUBJECT ADDED ENTRY--TOPICAL TERM | |
| Topical term or geographic name entry element | Macroeconomía |
| General subdivision | Modelos matemáticos |
| 9 (RLIN) | 39930 |
| 700 1# - ADDED ENTRY--PERSONAL NAME | |
| Personal name | Cuervo Arango, Carlos, |
| Relator term | traductor |
| 9 (RLIN) | 39938 |
| 700 1# - ADDED ENTRY--PERSONAL NAME | |
| Personal name | Millán, Teodoro, |
| Relator term | traductor |
| 9 (RLIN) | 6015 |
| 942 ## - ADDED ENTRY ELEMENTS (KOHA) | |
| Source of classification or shelving scheme | Dewey Decimal Classification |
| Koha item type | Books |
| Withdrawn status | Lost status | Source of classification or shelving scheme | Damaged status | Not for loan | Collection code | Home library | Current library | Date acquired | Source of acquisition | Full call number | Barcode | Date last seen | Copy number | Koha item type |
|---|---|---|---|---|---|---|---|---|---|---|---|---|---|---|
| Dewey Decimal Classification | Non-fiction | Biblioteca Pública José María del Castillo y Rada | Biblioteca Pública José María del Castillo y Rada | 04/15/2018 | Donación | 339 / S245t | 430006122 | 05/16/2024 | V.1 / Ej.1 | Books |